Analýza vybraných podnikových procesov v oblasti výroba – logistika v podnikaní diplomová práca

Gespeichert in:
Bibliographische Detailangaben
1. Verfasser: Suchánek, Adam
Körperschaft: Fakulta podnikového manažmentu EU. Katedra podnikovohospodárska
Weitere Verfasser: Rakovská, Júlia, 1972-
Format: Buch
Sprache:Slowakisch
Veröffentlicht: Bratislava 2024
Tags: Tag hinzufügen
Keine Tags, Fügen Sie das erste Tag hinzu!

MARC

LEADER 00000nbm a2200000 4500
001 0304063
005 20250904143646.6
041 0 |a slo 
044 |a SK 
245 1 0 |a Analýza vybraných podnikových procesov v oblasti výroba – logistika v podnikaní  |b diplomová práca  |c Adam Suchánek ; školiteľ: Júlia Rakovská 
264 1 |a Bratislava  |c 2024 
300 |a 85 s. 
100 1 |a Suchánek, Adam 
700 1 |a Rakovská, Júlia, 1972- 
710 2 |a Fakulta podnikového manažmentu EU. Katedra podnikovohospodárska